Cristianismo y política. Hablan los obispos chilenos
Saved in:
| Institution som forfatter: | |
|---|---|
| Format: | Bog |
| Sprog: | spansk |
| Udgivet: |
Santiago
Comité Permanente del Episcopado
1973
|
| Fag: | |
| Tags: |
Tilføj Tag
Ingen Tags, Vær først til at tagge denne postø!
|
MARC
| LEADER | 00000nam a2200000 a 4500 | ||
|---|---|---|---|
| 001 | UCI4446 | ||
| 003 | CL-VaPUC | ||
| 008 | 080118e19730000CL |||||||||||||||||spa|d | ||
| 082 | 0 | 4 | |a 262.12 |b CEN |2 21 |
| 110 | 2 | |a Centro de Difusión de la Doctrina Cristiana |e author |9 526365 | |
| 245 | 1 | 0 | |a Cristianismo y política. Hablan los obispos chilenos |
| 300 | |a 59 p | ||
| 942 | |c BK | ||
| 945 | |d 20080118 00:00:00 |a rbrito | ||
| 260 | |a Santiago |b Comité Permanente del Episcopado |c 1973 | ||
| 500 | |a Donación Padres Capuchinos | ||
| 650 | 0 | |a Cristianismo |9 257361 | |
| 650 | 0 | |a Política |9 255312 | |
| 650 | 0 | |a Encíclicas |9 255643 | |
| 583 | |a last modification |c 20080118 00:00:00 |k Rodrigo Vera | ||
| 999 | |c 328388 |d 328386 | ||
| 952 | |0 0 |1 0 |4 0 |6 262_120000000000000_CEN_1973 |7 0 |8 X |9 412257 |a FDOBUD |b FDOBUD |d 2019-11-22 |i 4402316 |o 262.12 CEN 1973 |p 4402316 |r 2019-11-22 |w 2019-11-22 |y BK_X |k BUD | ||